00660nam a2200181 4500001000700000003000900007005001700016007000300033008004100036100003400077245009800111260003400209300002200243700004000265852003200305999001900337952012200356109627ES-MaACL20230906184858.0t|061121s1973 sp r ||||1| spa d1 aMunir Cerasi, Maurice.98420313aLa lectura del ambiente / cMaurice Munir Cerasi; traducción de Francesc Serra Cantaréll. aBarcelona : bA.J.E., c1973. a206 p. ; c24 cm.1 aSerra Cantarell, Francisco.9105625 aES-MaACLjC-52318 bR.85852 c109627d109627 00104070aATENEOMbATENEOMcDEPO2d2008-01-17eSCl0oC-52318p1114382r2023-02-23 00:00:00w2023-02-23yMONOGRAFIA